LIBRARY & INFORMATION CENTRE, KCAET, TAVANUR

ONLINE PUBLIC ACCESS CATALOGUE (OPAC)

Functions of one complex variable (Record no. 14831)

MARC details
000 -LEADER
fixed length control field 00322nam a22001337a 4500
020 ## - INTERNATIONAL STANDARD BOOK NUMBER
ISBN 9788185015378
082 ## - DEWEY DECIMAL CLASSIFICATION NUMBER
Classification number 515.9
Item number CON/FU
100 ## - MAIN ENTRY--AUTHOR NAME
Personal name Conway, John B
245 ## - TITLE STATEMENT
Title Functions of one complex variable
250 ## - EDITION STATEMENT
Edition statement 2nd ed
260 ## - PUBLICATION, DISTRIBUTION, ETC. (IMPRINT)
Place of publication New Delhi
Name of publisher Narosa Publishing House
Year of publication 2002
300 ## - PHYSICAL DESCRIPTION
Number of Pages 316p
942 ## - ADDED ENTRY ELEMENTS (KOHA)
Koha item type Books
Holdings
Withdrawn status Lost status Damaged status Collection code Home library Current library Shelving location Date acquired Source of acquisition Cost, normal purchase price Full call number Accession Number Koha item type
        KAUAET KAUAET General Stacks 30/03/2017 Aman Books 325.00 515.9 CON/FU 25488 Books
free website counter